000 00607nam a22002057a 4500
003 OSt
005 20240626092701.0
008 240626b |||||||| |||| 00| 0 eng d
020 _a0335209106
040 _cMUST
082 _a306.3 SMA 2003
100 _4Smart, Barry
245 _aEconomy, culture and society :
_ba sociological critique of neo-liberalism /
_cBarry Smart
260 _aBuckingham
_bOpen University Press
_c2003
300 _aviii,187p.:
_c20 cm.
504 _aIncludes bibliographical references and index
650 _aEconomy
_91048
650 _aculture
_97897
942 _2ddc
_cO_SHELF
999 _c8865
_d8865